| 000 | 00987nam a22003377a 4500 | ||
|---|---|---|---|
| 001 | 2317098 | ||
| 003 | OSt | ||
| 005 | 20210421060210.0 | ||
| 008 | 811029r1981 nyuaf b 001 0 eng | ||
| 010 | _a 81083741 | ||
| 020 | _a0151472602 | ||
| 040 |
_aeng _cDLC _deng _beng |
||
| 041 | _aeng | ||
| 043 | _aa-su--- | ||
| 050 | 0 | 0 |
_aDS244.52 _b.L29 1982 |
| 080 |
_a94 _bL-12 |
||
| 082 | 0 | 0 |
_a953/.805 _219 |
| 100 | 1 | _aLacey, Robert. | |
| 245 | 1 | 4 |
_aThe Kingdom / Arabia and the House of Saud _cRobert Lacey. |
| 250 | _a1st American ed. | ||
| 260 |
_aNew York : _bHarcourt Brace Jovanovich, _c1982, c1981. |
||
| 300 |
_axv, 630 p., [48] p. of plates : _bill. ; _c24 cm. |
||
| 500 | _aIncludes index. | ||
| 504 | _aBibliography: p. 539-[558] | ||
| 650 | 0 |
_9252 _aHistory |
|
| 651 | 0 |
_aSaudi Arabia _xHistory. |
|
| 653 | _aისტორია | ||
| 653 | _aსაუდის არაბეთი | ||
| 906 |
_a7 _bcbc _corignew _d1 _eopcn _f19 _gy-gencatlg |
||
| 942 |
_2udc _cBK _e1 |
||
| 999 |
_c623 _d623 |
||